Entry Nombre personal
001 - NÚMERO DE CONTROL
- campo de control: 50810
003 - IDENTIFICADOR DE NÚMERO DE CONTROL
- campo de control: SpMaBN
005 - FECHA Y HORA DE LA ÚLTIMA TRANSACCIÓN
- campo de control: 20230710203137.0
008 - ELEMENTOS DE DATO DE LONGITUD-FIJA
- campo de control de longitud fija: 901120nn aijnnaabn a aaa
016 ## - NÚMERO DE CONTROL DE UNA AGENCIA BIBLIOGRÁFICA NACIONAL
- Número de control del registro: BNE19900432267
024 7# - IDENTIFICADOR DE OTROS ESTÁNDARES
- Número estándar o código: http://viaf.org/viaf/87638296/
- Fuente: viaf
024 7# - IDENTIFICADOR DE OTROS ESTÁNDARES
- Número estándar o código: https://isni.org/isni/0000000060554751
- Fuente: isni
040 ## - FUENTE DE CATALOGACIÓN
- Centro catalogador/agencia de origen: SpMaBN
- Lengua de catalogación: spa
- Centro/agencia transcriptor: SpMaBN
- Normas de descripción: rdc
- Convención/Normas de encabezamiento de materia/tesauro: embne
046 ## - FECHAS CON CODIFICACIÓN ESPECIAL
- Fecha de nacimiento: 1907
- Fecha de la muerte: 1986
100 1# - ENCABEZAMIENTO-NOMBRE DE PERSONA
- Nombre de persona: Figuerola-Ferretti, L.,
- Fechas asociadas al nombre: 1907-1986
373 ## - GRUPO ASOCIADO
- Grupo asociado: Ateneo de Madrid
- Fuente de información: Ateneo de Madrid: memoria 1962-1967
375 ## - GÉNERO/SEXO
- Género: Masculino
377 ## - IDIOMA ASOCIADO
- Código del idioma: spa
- Término de lengua/lenguaje: Español
400 1# - TRAZADO DE VÉASE--NOMBRE DE PERSONA
- Nombre de persona: Figuerola Ferreti, Luis,
- Fechas asociadas al nombre: 1907-1986
400 1# - TRAZADO DE VÉASE--NOMBRE DE PERSONA
- Nombre de persona: Figuerola Ferretti, Luis,
- Fechas asociadas al nombre: 1907-1986
400 1# - TRAZADO DE VÉASE--NOMBRE DE PERSONA
- Nombre de persona: Figuerola-Ferreti, Luis,
- Fechas asociadas al nombre: 1907-1986
400 1# - TRAZADO DE VÉASE--NOMBRE DE PERSONA
- Nombre de persona: Figuerola-Ferretti Pena, Luis,
- Fechas asociadas al nombre: 1907-1986
670 ## - FUENTE DE DATOS ENCONTRADOS
- Cita de la fuente: Eduardo Chillida, 1988
- Información encontrada: port. (L. Figuerola-Ferretti) contraport. (Luis Figuerola-Ferretti Pena; crítico de arte)
670 ## - FUENTE DE DATOS ENCONTRADOS
- Cita de la fuente: Para después de mañana, 1988
- Información encontrada: port. (Luis Figuerola Ferretti) solapa (Luis Figuerola-Ferretti; n. 19-10-1907 en Barcelona, m. 4-2-1986 en Madrid; crítico de arte, periodista y poeta)
670 ## - FUENTE DE DATOS ENCONTRADOS
- Cita de la fuente: WWW BN España aut., 10/07/2023
- Información encontrada: (Figuerola-Ferretti, L., 1907-1986)
678 ## - DATOS BIOGRÁFICOS O HISTÓRICOS
- Datos biográficos o históricos: Socio del Ateneo de Madrid
- Ampliación de la nota: Fuente: Ateneo de Madrid: memoria 1962-1967
